000 01068nam0a22002651 4500
001 rc\710801
005 20250621221333.0
035 _a(NLR Aleph) 005945868
090 _a6727877
_c6727878
100 _a20031121d1985 |||y0rusy50 ca
101 0 _arus
102 _aRU
105 _aa |||||||||
200 1 _aДиагностика рассеяния на флуктуациях плотности плазмы о токамаках
_eОбзор
210 _aМ.
_cЦНИИатоминформ
_d1985
215 _a[1], 64 с.
_cил.
_d21
300 _aВ надзаг.: Гос. ком. по использ. атом. энергии СССР, ЦНИИ информ. и техн.-экон. исслед. по атом. науке и технике
320 _aБиблиогр.: с. 60-62
700 1 _aЖуковский
_bВ.Г.
_gВладимир Георгиевич
701 1 _aРтищев
_bВ.А.
_gВалерий Анатольевич
801 0 _aRU
_bNLR
_gpsbo
801 1 _aRU
_bELAR
_2rusmarc
852 _aNLR
_j85-6/6390
942 _cBOOK
980 _aNB